Peníze a zlato

Guardado en:
Detalles Bibliográficos
Autor principal: Revenda, Zbyněk
Formato: Libro
Lenguaje:checo
Publicado: Osnice Ekopress 2023
Edición:3. vydání
Materias:
Etiquetas: Agregar Etiqueta
Sin Etiquetas, Sea el primero en etiquetar este registro!

MARC

LEADER 00000nam a2200000 4500
001 0305194
005 20250103095348.6
020 |a 978-80-87865-91-0 
041 0 |a cze 
044 |a CZ 
245 1 0 |a Peníze a zlato  |c Zbyněk Revenda 
250 |a 3. vydání 
264 1 |a Osnice  |b Ekopress  |c 2023 
300 |a 259 s. 
610 2 0 |a peniaze 
610 2 0 |a zlato 
610 2 0 |a bankovníctvo 
610 2 0 |a politika menová 
610 2 0 |a cena zlata 
610 2 0 |a obeh peňažný 
610 2 0 |a inflácia 
610 2 0 |a dohľad bankový 
100 1 |a Revenda, Zbyněk